000 00801nam a2200301Ia 4500
005 20260121125541.0
008 008 260114s9999 xx 000 0 eng d
020 _a9783110792874
037 _aEBOOK
040 _aCRL
040 _beng
040 _cCRL
041 _2eng
041 _aeng
084 _qCRL
100 _aManova, Stela
_9994887
245 0 _aDiminutives across Languages, Theoretical Frameworks and Linguistic Domains
260 _bWalter de Gruyter
260 _bWalter de Gruyter
260 _c2024
650 _aLinguistics
_9994888
700 _a Grestenberger, Laura
_9994889
700 _a Korecky-Kroll, Katharina
_9994890
856 _uhttp://www.degruyter.com/isbn/9783110792874
942 _cEBOOK
999 _c1562805
_d1562805